مقدمة في التحليل الإقتصادي الجزئي / (رقم التسجيلة. 8254)

تفاصيل مارك
000 -LEADER
fixed length control field 00561nam a22001817a 4500
005 - DATE AND TIME OF LATEST TRANSACTION
control field 20251108164259.0
008 - FIXED-LENGTH DATA ELEMENTS--GENERAL INFORMATION
fixed length control field 250721s1997 xx 000 0 ara d
082 14 - DEWEY DECIMAL CLASSIFICATION NUMBER
Classification number 330.1/عفا
100 1# - MAIN ENTRY--PERSONAL NAME
Personal name سعيد، عفاف عبد الجبار
245 10 - TITLE STATEMENT
Title مقدمة في التحليل الإقتصادي الجزئي /
264 1# - PRODUCTION, PUBLICATION, DISTRIBUTION, MANUFACTURE, AND COPYRIGHT NOTICE
Place of production, publication, distribution, manufacture عمان :
Name of producer, publisher, distributor, manufacturer دار وائل للطباعة و النشر،
Date of production, publication, distribution, manufacture, or copyright notice 1997.
300 ## - PHYSICAL DESCRIPTION
Extent 330ص
650 17 - SUBJECT ADDED ENTRY--TOPICAL TERM
Topical term or geographic name as entry element الإقتصاد
650 17 - SUBJECT ADDED ENTRY--TOPICAL TERM
Topical term or geographic name as entry element النظريات
700 1# - ADDED ENTRY--PERSONAL NAME
Personal name حسين، مجيد علي
942 ## - ADDED ENTRY ELEMENTS (KOHA)
Source of classification or shelving scheme Dewey Decimal Classification
Koha item type كتب
المقتنيات
حالة السحب حالة الفقدان مصدر التصنيف حالة التلف غير قابل للإعارة المكتبة الرئيسية المكتبة الحالية موقع الرف تاريخ التزويد الرقم المتسلسل Total Checkouts رقم الإستدعاء الباركود تاريخ آخر ظهور تاريخ الفاتورة نوع المادة (كوها)
    Dewey Decimal Classification     مكتبة حمزة العامة مكتبة حمزة العامة الإعارة 07/06/2015 [5495]   330.1/عفا PLD00329355 28/07/2025 07/06/2015 كتب
Implemented & Customized by: BBB with SCIT (Smart Chains for Information Technology)

Powered by Koha